Krabbeklo hardcore - Statistics

General Stats
  • This quiz has been taken 15 times
  • The average score is 8 of 17
Answer Stats
Hint Answer % Correct
Hvem har mest pjulbar søster William
92%
Det er mange politiske partier i Norge som bare har dårlige meninger og elendige politiske agender. Kan du nevne et parti som driver god politikk. Alliansen
69%
Navn på sistnevnte Emma
69%
Hvem er det som sier at hen ikke har et drikkeproblem,men åpenbart har det? Håvard
69%
Det motsatte av down-syndrome Up-syndrome
69%
Hva heter krysningen av Burj Khalifa og en ginger Andreas Agersborg
62%
Tor Magnus celebrity lookalike Peter Dinklage
54%
Beste dritedassen på u pihl 4 etasje
46%
Hvor skal pant kastet på u pihl På Marius
46%
Hva står TP for Tord Prestegård
46%
Hvor mange prosent innavl var det når moren og faren til Tord lå sammen og skapte han. For kontekst er de fetter og kusine 12,5%
38%
Tord celebrity lookalike ABB
31%
Hva heter Philip til etternavn Manshaus
31%
Olai celebrity lookalike Norwegian flyet
23%
Hva ligner på et Norwegian fly som opplever turbulens Olai som hopper
23%
HG celebrity lookalike Superman / Henry Cavill
23%
Agers celebrity lookalike Lebron James
15%
No matching quizzes found
Score Distribution
Percent of People with Each Score
Percentile by Number Answered
Your Score History
You have not taken this quiz